LEADER 01176nam0-2200385---450 001 990005772600203316 005 20190403125023.0 035 $a000577260 035 $aUSA01000577260 035 $a(ALEPH)000577260USA01 035 $a000577260 100 $a20100924d2008----|||y0itaa50------ba 101 $aeng 102 $anl 105 $a0 00||| 200 1 $aVeiled encounters$erepresenting the Orient in the 17.-century French travel literature$fMichael Harrigan 210 $aAmsterdam$cRodopi$d2008 215 $a297 p.$d23 cm. 225 2 $aFaux titre$eetudes de langue et littérature françaises$v321 410 0$12001$aFaux titre$v321 606 $aViaggi$xOriente$xLetteratura francese$xSec. 17.$2F 620 $dAMSTERDAM 676 $a840.4 700 1$aHARRIGAN,$bMichael$0615931 801 0$aIT$bSA$c20111219 912 $a990005772600203316 950 0$aDipar.to di Filosofia - Salerno$dDFCC 840.4 HAR$e9311 FIL 951 $aCC 840.4 HAR$b9311 FIL 959 $aBK 969 $aFIL 979 $c20121027$lUSA01$h1526 979 $c20121027$lUSA01$h1616 996 $aVeiled encounters$91081890 997 $aUNISA NUM $aSA0028418 LEADER 03505nam 2200601 450 001 9910511656703321 005 20170922081440.0 010 $a1-62349-480-X 035 $a(CKB)3710000001157622 035 $a(OCoLC)983528064 035 $a(MdBmJHUP)muse56039 035 $a(MiAaPQ)EBC5581940 035 $a(EXLCZ)993710000001157622 100 $a20181213d2017 uy 0 101 0 $aeng 135 $aur|||||||nn|n 181 $ctxt$2rdacontent 182 $cc$2rdamedia 183 $acr$2rdacarrier 200 04$aThe people of Palomas $eNeandertals from the Sima de las Palomas del Cabezo Gordo, southeastern Spain /$fedited by Erik Trinkaus and Michael J. Walker 205 $aFirst edition. 210 1$aCollege Station, Texas :$cTexas A&M University Press,$d[2017] 210 4$d©2017 215 $a1 online resource (pages cm.) 225 1 $aTexas A&M University anthropology series ;$vNumber nineteen 311 $a1-62349-479-6 320 $aIncludes bibliographical references and index. 327 $aIntroduction: The Neandertals from the Sima de las Palomas / Erik Trinkaus and Michael J. Walker -- The context of the Sima de las Palomas Neandertals / Michael J. Walker, Mariano V. Lo?pez, Maria Haber, and Erik Trinkaus -- The Palomas Neandertal sample / Erik Trinkaus -- The Palomas cranial remains / Erik Trinkaus -- The Palomas mandibles / Erik Trinkaus, Josefina Zapata, Priscilla Bayle, Katharine A. Robson Brown, Miguel Alcaraz, A. Vincent Lombardi, and Michael J. Walker -- The Palomas dental remains: preservation, wear, and morphology / Josefina Zapata, Priscilla Bayle, A. Vincent Lombardi, Alejandro Pe?rez-Pe?rez, and Erik Trinkaus -- The Palomas dental remains: size and proportions / Beatriz Pinilla and Erik Trinkaus -- The Palomas dental remains: shape morphometrics / Beatriz Pinilla -- The Palomas dental remains: enamel thickness and tissue proportions / Priscilla Bayle, Mona le Luyer, and Katharine A. Robson Brown -- The Palomas dental remains: postcanine wear / Beatriz Pinilla, Alejandro Romero, and Alejandro Pe?rez-Pe?rez -- The Palomas dental remains: nonmasticatory wear / John C. Willman -- The Palomas oral paleopathology and stress indicators / Sarah A. Lacy, Josefina Zapata, A. Vincent Lombardi, John C. Willman, and Erik Trinkaus -- The Palomas postcrania / Erik Trinkaus, Katharine A. Robson Brown, Jon Ortega, and Kla?ra Karakova? -- The Palomas body size and proportions / Erik Trinkaus -- The Palomas mortality patterns / Erik Trinkaus -- The people of Palomas / Erik Trinkaus -- References -- Contributors. 410 0$aTexas A & M University anthropology series ;$vNumber 19. 606 $aNeanderthals$zSpain$zMurcia (Region) 606 $aPrehistoric peoples$zSpain$zMurcia (Region) 606 $aAntiquities, Prehistoric$zSpain$zMurcia (Region) 606 $aHuman growth 606 $aTeeth$xGrowth 606 $aDental anthropology 607 $aMurcia (Spain : Region)$xAntiquities 608 $aElectronic books. 615 0$aNeanderthals 615 0$aPrehistoric peoples 615 0$aAntiquities, Prehistoric 615 0$aHuman growth. 615 0$aTeeth$xGrowth. 615 0$aDental anthropology. 676 $a569.9/86094677 702 $aWalker$b Michael J. 702 $aTrinkaus$b Erik 801 0$bMiAaPQ 801 1$bMiAaPQ 801 2$bMiAaPQ 906 $aBOOK 912 $a9910511656703321 996 $aThe people of Palomas$92549640 997 $aUNINA LEADER 00941nam0-2200289 --450 001 9910519510103321 005 20220128101202.0 010 $a978-88-297-0958-8 100 $a20220128d2020----kmuy0itay5050 ba 101 0 $aita 102 $aIT 105 $a 001yy 200 1 $aAutonomia, differenziazione, responsabilità$enumeri, principi e prospettive del regionalismo rafforzato$fAndrea Giovanardi, Dario Stevanato$gprefazione di Nicola Rossi 210 $aVenezia$cMarsilio$d2020 215 $a268 p.$d21 cm 225 1 $aSaggi 610 0 $aRegionalismo$aItalia$aDiritto 676 $a342.45042$v23 700 1$aGiovanardi,$bAndrea$f<1967- >$0308247 701 1$aStevanato,$bDario$0235607 801 0$aIT$bUNINA$gREICAT$2UNIMARC 901 $aBK 912 $a9910519510103321 952 $aXIII A 180$b729 cos$fDDCIC 959 $aDDCIC 996 $aAutonomia, differenziazione, responsabilità$92583377 997 $aUNINA